Aký je manažér budúcnosti. 6

Pokračovanie deväťdielneho seriálu o vlastnostiach a schopnostiach manažérov tretieho tisícročia. Komunikatívnosť ako vlastnosť, ktorá sa od manažéra očakáva a ktorá je nevyhnutná pre úspech.

Saved in:
Bibliographic Details
Main Author: Kassay, Štefan
Format: Book Chapter
Language:Slovak
Subjects:
Tags: Add Tag
No Tags, Be the first to tag this record!

MARC

LEADER 00000naa a2200000 4500
001 r025835
005 20230824085251.7
041 0 |a slo 
044 |a SK 
245 1 0 |a Aký je manažér budúcnosti. 6  |c Štefan Kassay 
520 |a Pokračovanie deväťdielneho seriálu o vlastnostiach a schopnostiach manažérov tretieho tisícročia. Komunikatívnosť ako vlastnosť, ktorá sa od manažéra očakáva a ktorá je nevyhnutná pre úspech. 
610 2 0 |a manažéri 
610 2 0 |a osobnosť 
610 2 0 |a komunikácia 
610 2 0 |a úspech pracovný 
100 1 |a Kassay, Štefan